Fußball-Europameisterschaft Sieger - Statistiken

Allgemein
  • Dieses Quiz wurde 757 mal gespielt
    598 seit der letzten Aktualisierung
  • Das Durchschnittsergebnis liegt bei 9 aus 10
Antwortstatistiken
Siege Gewinnende Editionen Mannschaft % Korrekt
3 1972, 1980, 1996 Deutschland
100%
2 1968, 2020 Italien
99%
4 1964, 2008, 2012, 2024 Spanien
99%
2 1984, 2000 Frankreich
97%
1 2016 Portugal
97%
1 2004 Griechenland
92%
1 1988 Niederlande
86%
1 1992 Dänemark
81%
1 1960 Sowjetunion
75%
1 1976 Tschechoslowakei
66%
Keine übereinstimmenden Quizze gefunden
Verteilung der Resultate
Anzahl Personen mit jedem Resultat
Perzentil nach korrekt beantworteten Fragen
Ihre Resultats-Entwicklung
Sie haben dieses Quiz seit der letzten Aktualisierung nicht gespielt